| 000 | 00457cam a2200181ua 4500 | ||
|---|---|---|---|
| 001 | 2875 | ||
| 008 | 110913n ii |||gr||||Z||||||asm | ||
| 040 | _cMAIN | ||
| 082 | _a920 | ||
| 100 | 1 |
_aPathak, Krishori Mohan, _eAuthor. |
|
| 245 | 1 | 1 |
_aLuitparia silpi _cby Kishori Mohan Pathak |
| 250 | _a1st. | ||
| 260 |
_aGuahati: _bSabitri Prakashan,982. |
||
| 300 |
_a151p: _c23cm. |
||
| 653 | _aBiography | ||
| 653 | _aBiography of luitparia silpi | ||
| 942 | _cBK | ||
| 999 |
_c2724 _d2724 |
||